Statistics for Top World Cup Goalscorers For Each Country

Click here to take the quiz!

General Stats

  • This quiz has been taken 23 times
  • The average score is 6 of 15

Answer Stats

Country GoalsAnswer% Correct
Brazil 15Ronaldo
95%
Germany 16Klose
76%
Croatia 6Suker
67%
Argentina 10Batistuta
62%
England 10Lineker
57%
France 13Fontaine
57%
Portugal 9Eusebio
52%
Colombia 6Rodriguez
43%
Ghana 6Gyan
29%
Denmark 5Tomasson
14%
Netherlands 7Rep
10%
Nigeria 4Musa
10%
Peru 10Cubillas
10%
Poland 10Lato
10%
Scotland 4Jordan
0%

Score Distribution

Percentile by Number Answered

Percent of People with Each Score

Your Score History

You have not taken this quiz